[Event "Frankfurt Ch A 2019"]
[Site "Ffm-Höchst, BiKuZ"]
[Date "2019.05.06"]
[Round "2.41"]
[White "Varma, Christopher"]
[Black "Popp, Matthias"]
[Result "1-0"]
[WhiteElo "1779"]
[BlackElo "1564"]
[PlyCount "151"]
[EventDate "2019.??.??"]
[WhiteTeam "SV Oberursel"]
[BlackTeam "SC Bergen-Enkheim"]

1. e4 c5 2. Nc3 Nc6 3. g3 e6 4. Bg2 g6 5. d3 Bg7 6. Be3 b6 7. Qd2 Nge7 8. Bh6
O-O 9. h4 Nd4 10. O-O-O Bb7 11. h5 d5 12. Bxg7 Kxg7 13. hxg6 fxg6 14. Qh6+ Kf7
15. Qxh7+ Ke8 16. f4 Kd7 17. exd5 Rh8 18. Qxh8 Qxh8 19. Rxh8 Rxh8 20. dxe6+ Kc7
21. Bxb7 Kxb7 22. Ne4 Nef5 23. c3 Nxe6 24. Re1 Kc6 25. Nf3 Rd8 26. Kc2 Kb5 27.
b3 Nc7 28. Ne5 Rg8 29. a4+ Ka6 30. g4 Ne7 31. Nf6 Rh8 32. b4 Rh2+ 33. Kb3 cxb4
34. cxb4 Rf2 35. Re4 Rf1 36. b5+ Kb7 37. Rd4 Kc8 38. Rc4 Kb7 39. Nf7 Ne6 40.
Nd6+ Ka8 41. f5 gxf5 42. gxf5 Nc5+ 43. Kc2 Ra1 44. d4 Rxa4 45. dxc5 Rxc4+ 46.
Nxc4 Nxf5 47. Kc3 bxc5 48. Ne4 Kb7 49. Nxc5+ Kc7 50. Ne6+ Kd7 51. Nd4 Ne7 52.
Ne3 Kc7 53. Kb4 Kb6 54. Nc4+ Kb7 55. Kc5 Kc7 56. Nd6 Ng6 57. Nc6 Nf8 58. Nc4
Ne6+ 59. Kd5 Nf4+ 60. Ke4 Ne6 61. Nxa7 Nc5+ 62. Kd5 Na4 63. Kd4 Kb7 64. Nc6 Kc7
65. Kd3 Nc5+ 66. Kc3 Nd7 67. Kb4 Kb7 68. Ka5 Nc5 69. Nd6+ Kc7 70. Ne8+ Kd7 71.
Nf6+ Kc7 72. Nd4 Nb7+ 73. Ka6 Nc5+ 74. Ka7 Na4 75. Ne4 Nb6 76. Ne6+ 1-0

[Event "Frankfurt Ch A 2019"]
[Site "Ffm-Höchst, BiKuZ"]
[Date "2019.05.06"]
[Round "2.42"]
[White "Staggat, Rolf"]
[Black "Menning, Uwe"]
[Result "0-1"]
[WhiteElo "1591"]
[BlackElo "1779"]
[PlyCount "92"]
[EventDate "2019.??.??"]
[WhiteTeam "Schierstein"]
[BlackTeam "FC Bierstadt"]

1. e4 c6 2. d4 d5 3. Nc3 dxe4 4. Nxe4 Bf5 5. Ng3 Bg6 6. Nf3 Nd7 7. Bd3 e6 8.
O-O Ngf6 9. c4 Be7 10. h3 Rc8 11. Be3 Bd6 12. Ne2 O-O 13. Bxg6 hxg6 14. Nc3 a6
15. a4 Bb4 16. Na2 Ba5 17. b4 Bc7 18. Nc3 Qe7 19. c5 Rfd8 20. Qc2 Nd5 21. Nxd5
cxd5 22. Rfe1 Nf6 23. Bg5 Qe8 24. Rab1 Rd7 25. Ne5 Bxe5 26. dxe5 Nh7 27. Bh4
Rdc7 28. Qe2 Qxa4 29. f4 a5 30. Bf2 axb4 31. Ra1 Qe8 32. Qb2 Nf8 33. Rec1 Qb5
34. Ra7 Nd7 35. Qa1 Nb8 36. Ra5 Qe8 37. Ra8 Nc6 38. Rxc8 Rxc8 39. Qa4 Ra8 40.
Qb5 Qd7 41. Rb1 Qc7 42. Be1 Ra5 43. Qd3 Rxc5 44. Bxb4 Nxb4 45. Rxb4 Rc4 46. Qb3
Qc5+ 0-1

[Event "Frankfurt Ch A 2019"]
[Site "Ffm-Höchst, BiKuZ"]
[Date "2019.05.06"]
[Round "2.43"]
[White "Diehl, Stefan"]
[Black "Fischer, Lutz"]
[Result "1/2-1/2"]
[WhiteElo "1771"]
[BlackElo "1557"]
[PlyCount "53"]
[EventDate "2019.??.??"]
[WhiteTeam "SC Höchst"]
[BlackTeam "SF Frankfurt"]

1. f4 d5 2. b3 Nf6 3. Bb2 g6 4. e3 Bg7 5. Nf3 O-O 6. Be2 c5 7. O-O Nc6 8. Qe1
d4 9. exd4 cxd4 10. Bd3 Nd5 11. Qg3 Ndb4 12. Ne1 Nxd3 13. Nxd3 Bf5 14. Na3 a6
15. Qf3 Rc8 16. g4 Bxd3 17. Qxd3 b5 18. c4 dxc3 19. Qxd8 Rfxd8 20. Bxc3 Bf8 21.
Nc2 e6 22. b4 Ne7 23. Ne3 Nd5 24. Nxd5 Rxd5 25. Rac1 Be7 26. g5 Rc4 27. Kg2
1/2-1/2

[Event "Frankfurt Ch A 2019"]
[Site "Ffm-Höchst, BiKuZ"]
[Date "2019.05.06"]
[Round "2.45"]
[White "Kirchmann, Sascha"]
[Black "Burkart, Lloyd Shang"]
[Result "1-0"]
[WhiteElo "1766"]
[BlackElo "1484"]
[PlyCount "99"]
[EventDate "2019.??.??"]
[WhiteTeam "SC Obertshausen"]
[BlackTeam "TuS Makkabi"]

1. e4 c5 2. Nf3 e6 3. c3 d5 4. e5 d4 5. Bd3 Bd7 6. Qe2 Nc6 7. O-O Nge7 8. cxd4
cxd4 9. Qe4 Ng6 10. a3 Bc5 11. b4 Bb6 12. b5 Na5 13. Bb2 Nb3 14. Ra2 Bc8 15.
Bc4 Na5 16. d3 O-O 17. Bxd4 Nxc4 18. dxc4 Bxd4 19. Nxd4 Qc7 20. Nf3 Rd8 21. Rd2
Rb8 22. Rfd1 Rxd2 23. Rxd2 b6 24. Rd6 Bb7 25. Qd4 Bxf3 26. gxf3 h6 27. Nd2 Qc5
28. Qxc5 bxc5 29. Rd7 Nxe5 30. Rxa7 Rd8 31. Ne4 Nxc4 32. Nxc5 Rd5 33. Rc7 Nxa3
34. b6 Rd1+ 35. Kg2 Rb1 36. b7 Kh7 37. Nd7 Nc4 38. b8=Q Rxb8 39. Nxb8 Ne5 40.
f4 Ng6 41. Kg3 f6 42. Nd7 Kg8 43. Nc5 Nf8 44. Re7 g5 45. Nxe6 Nh7 46. Kg4 Kh8
47. Kf5 g4 48. Kg6 g3 49. Re8+ Nf8+ 50. Rxf8# 1-0

[Event "Frankfurt Ch A 2019"]
[Site "Ffm-Höchst, BiKuZ"]
[Date "2019.05.06"]
[Round "2.46"]
[White "Dyga, Ryszard"]
[Black "Rauscher, Joachim"]
[Result "0-1"]
[WhiteElo "1536"]
[BlackElo "1764"]
[PlyCount "100"]
[EventDate "2019.??.??"]
[WhiteTeam "SV Hofheim"]
[BlackTeam "SC Brett vorm Kopp"]

1. e4 c5 2. Nf3 d6 3. Bb5+ Bd7 4. Bxd7+ Qxd7 5. c4 Nc6 6. Nc3 g6 7. d4 cxd4 8.
Nxd4 Bg7 9. Be3 Nf6 10. f3 O-O 11. O-O Rfc8 12. b3 Qd8 13. Rc1 Nd7 14. Nde2 Nf6
15. Kh1 Qa5 16. Qd2 Qd8 17. Rfd1 b6 18. a3 Na5 19. Qa2 Nb7 20. b4 a5 21. Qb3 e6
22. Na4 Nd7 23. bxa5 Nbc5 24. Nxc5 Nxc5 25. Qxb6 Rxa5 26. Qxd8+ Rxd8 27. Bxc5
Rxc5 28. f4 Bb2 29. Rc2 Bxa3 30. Rb1 Rcc8 31. Rb3 Bc5 32. Rd3 Ra8 33. g4 Kh8
34. Rcd2 Rg8 35. e5 dxe5 36. fxe5 Ra4 37. Rc2 Rb8 38. Rd7 Kg7 39. Rc7 Be3 40.
Kg2 Bb6 41. Rc6 Ba7 42. h3 Rb3 43. Rc3 Rb2 44. Kf3 Raa2 45. c5 Rxe2 46. Rc7 Bb8
47. Rxf7+ Kxf7 48. Re3 Rxe3+ 49. Kxe3 Bxe5 50. Ke4 Bc7 0-1

[Event "Frankfurt Ch A 2019"]
[Site "Ffm-Höchst, BiKuZ"]
[Date "2019.05.06"]
[Round "2.47"]
[White "Merges, Harald"]
[Black "Mayer, Rolf"]
[Result "1-0"]
[WhiteElo "1757"]
[BlackElo "1437"]
[PlyCount "63"]
[EventDate "2019.??.??"]
[WhiteTeam "SG Reil-Kinheim"]
[BlackTeam "SC Flörsheim"]

1. e4 c5 2. c3 Nc6 3. d4 cxd4 4. cxd4 d6 5. Nc3 e6 6. Be3 Nf6 7. Bd3 Be7 8.
Nge2 a6 9. O-O O-O 10. Ng3 b5 11. a3 Bb7 12. b4 Rc8 13. Rc1 Qe8 14. f4 Nd7 15.
f5 e5 16. d5 Ncb8 17. Qg4 Kh8 18. Nh5 Rg8 19. Qe2 Nf6 20. Nxf6 gxf6 21. Rf3 Qf8
22. Rh3 Qg7 23. Qf2 Nd7 24. Bh6 Qg4 25. Kh1 Rxc3 26. Rxc3 Bf8 27. Bxf8 Qd1+ 28.
Qf1 Qxf1+ 29. Bxf1 Rxf8 30. Rc7 Bc8 31. Rhc3 Nb6 32. R3c6 1-0

[Event "Frankfurt Ch A 2019"]
[Site "Ffm-Höchst, BiKuZ"]
[Date "2019.05.06"]
[Round "2.48"]
[White "Klikic, Drazen"]
[Black "Weiland, Thomas"]
[Result "0-1"]
[WhiteElo "1488"]
[BlackElo "1751"]
[PlyCount "62"]
[EventDate "2019.??.??"]
[WhiteTeam "SC Nied"]
[BlackTeam "SV Oberursel"]

1. e4 c5 2. Nf3 Nc6 3. d4 cxd4 4. Nxd4 Nf6 5. Nc3 e5 6. Ndb5 a6 7. Nd6+ Bxd6 8.
Qxd6 Qe7 9. Qxe7+ Nxe7 10. Bg5 b5 11. Bxf6 gxf6 12. O-O-O Bb7 13. f3 f5 14. Be2
Rg8 15. Rhg1 f4 16. g3 fxg3 17. Rxg3 O-O-O 18. Rdg1 Rg6 19. Bf1 d5 20. Bh3+ Kc7
21. Rxg6 hxg6 22. Rd1 d4 23. Ne2 Rh8 24. Ng1 f5 25. Rd2 Rh4 26. c3 dxc3 27.
bxc3 Bc6 28. exf5 gxf5 29. Bf1 Nd5 30. c4 bxc4 31. Bxc4 Rxc4+ 0-1

[Event "Frankfurt Ch A 2019"]
[Site "Ffm-Höchst, BiKuZ"]
[Date "2019.05.06"]
[Round "2.49"]
[White "Kohlmeyer, Klaus"]
[Black "Odabasi, Siddik"]
[Result "1-0"]
[WhiteElo "1743"]
[BlackElo "1423"]
[PlyCount "49"]
[EventDate "2019.??.??"]
[WhiteTeam "SF Braunfels"]
[BlackTeam "Frankfurter TV"]

1. f4 d5 2. Nf3 Nf6 3. e3 Bg4 4. h3 Bxf3 5. Qxf3 e6 6. g4 c5 7. g5 Ne4 8. d3
Nd6 9. Bg2 Nc6 10. O-O Nf5 11. Qf2 g6 12. e4 dxe4 13. dxe4 Nfd4 14. c3 Nb5 15.
Be3 Qe7 16. a4 Nc7 17. Na3 b6 18. Rad1 Bg7 19. f5 Be5 20. f6 Qf8 21. Nc4 Na6
22. Nxe5 Nxe5 23. Bf4 Nd7 24. Qe2 Nab8 25. e5 1-0

[Event "Frankfurt Ch A 2019"]
[Site "Ffm-Höchst, BiKuZ"]
[Date "2019.05.06"]
[Round "2.50"]
[White "Mayer, Andreas"]
[Black "Kautz, Thomas"]
[Result "1-0"]
[WhiteElo "1446"]
[BlackElo "1742"]
[PlyCount "43"]
[EventDate "2019.??.??"]
[WhiteTeam "SF Frankfurt"]
[BlackTeam "SK Niederbrechen"]

1. e4 g6 2. d4 Bg7 3. f4 d6 4. Bc4 Nf6 5. e5 dxe5 6. fxe5 Nd5 7. Nf3 O-O 8. O-O
Be6 9. Ng5 Nc6 10. Nxe6 fxe6 11. Qg4 Rxf1+ 12. Kxf1 Qf8+ 13. Kg1 Qf7 14. Nd2
Rf8 15. Nf3 h5 16. Qg3 Nxd4 17. c3 Nc2 18. Bd3 Nf4 19. Ng5 Qe8 20. Bxf4 Nxa1
21. Nxe6 Rf7 22. Qxg6 1-0

[Event "Frankfurt Ch A 2019"]
[Site "Ffm-Höchst, BiKuZ"]
[Date "2019.05.06"]
[Round "2.51"]
[White "Arnold, Aaron"]
[Black "Moritz, Dennis"]
[Result "0-1"]
[WhiteElo "1424"]
[BlackElo "1734"]
[PlyCount "58"]
[EventDate "2019.??.??"]
[WhiteTeam "SC Frankfurt-West"]
[BlackTeam "SK Hungen"]

1. d4 Nf6 2. c4 c5 3. d5 e6 4. dxe6 fxe6 5. Nc3 d5 6. Nf3 d4 7. Nb1 Nc6 8. Bf4
Bd6 9. Bxd6 Qxd6 10. g3 e5 11. Bg2 O-O 12. O-O Bf5 13. Nbd2 Rae8 14. Nh4 Be6
15. Rc1 a6 16. a3 Qd7 17. Qc2 Bh3 18. Rfe1 Bxg2 19. Nxg2 Qh3 20. f3 e4 21. Nxe4
Rxe4 22. Nf4 Rxf4 23. gxf4 Nh5 24. Rf1 Nxf4 25. Rf2 Qd7 26. Kh1 d3 27. Qd2 Nd4
28. e3 Nb3 29. Qd1 Nh3 0-1

[Event "Frankfurt Ch A 2019"]
[Site "Ffm-Höchst, BiKuZ"]
[Date "2019.05.06"]
[Round "2.52"]
[White "Zeyen, Helmut"]
[Black "Bernhardt, Winfried"]
[Result "1-0"]
[WhiteElo "1725"]
[BlackElo "1419"]
[PlyCount "43"]
[EventDate "2019.??.??"]
[WhiteTeam "Wiesbadener SV"]
[BlackTeam "SV Nauheim"]

1. e4 e5 2. Nf3 d6 3. d4 exd4 4. Qxd4 Nc6 5. Bb5 Bd7 6. Bxc6 Bxc6 7. Nc3 h6 8.
Be3 Bd7 9. Rd1 c5 10. Qd3 Nf6 11. e5 Ng4 12. exd6 Nxe3 13. Qxe3+ Be6 14. d7+
Ke7 15. Qxc5+ Kf6 16. Qe5+ Kg6 17. Qe4+ Kf6 18. O-O Qc7 19. Nd5+ Bxd5 20. Rxd5
Bd6 21. Rf5+ Kg6 22. Rc5+ 1-0

[Event "Frankfurt Ch A 2019"]
[Site "Ffm-Höchst, BiKuZ"]
[Date "2019.05.06"]
[Round "2.53"]
[White "Mongi, Mario"]
[Black "Rotermund, Verena"]
[Result "0-1"]
[WhiteElo "1401"]
[BlackElo "1695"]
[PlyCount "57"]
[EventDate "2019.??.??"]
[WhiteTeam "SC Sulzbach"]
[BlackTeam "Vorw.Orient Mainz"]

1. c4 d6 2. g3 g6 3. Bg2 Bg7 4. Nc3 e5 5. e3 Nc6 6. Nge2 Nge7 7. O-O O-O 8. d4
exd4 9. exd4 Nf5 10. Be3 Nxe3 11. fxe3 Bg4 12. h3 Bxe2 13. Nxe2 Qg5 14. Rf4
Rae8 15. h4 Qe7 16. Re4 Qd7 17. Nf4 Rxe4 18. Bxe4 Re8 19. Qf3 Qe7 20. Bxc6 bxc6
21. Kf2 Qd7 22. Rh1 c5 23. dxc5 Bxb2 24. c6 Qf5 25. Rd1 Qc5 26. Nd3 Qa3 27.
Nxb2 Qxb2+ 28. Kf1 Re6 29. c5 0-1

[Event "Frankfurt Ch A 2019"]
[Site "Ffm-Höchst, BiKuZ"]
[Date "2019.05.06"]
[Round "2.54"]
[White "Mühlbach, Christian"]
[Black "Arnold, Jan"]
[Result "1-0"]
[WhiteElo "1689"]
[BlackElo "1375"]
[PlyCount "67"]
[EventDate "2019.??.??"]
[WhiteTeam "SK Langen"]
[BlackTeam "SC Frankfurt-West"]

1. Nf3 Nf6 2. g3 g6 3. Bg2 Bg7 4. O-O O-O 5. d3 d6 6. Nbd2 Nbd7 7. c3 e5 8. e4
Nc5 9. Nc4 Be6 10. Ne3 Qd7 11. Ng5 h6 12. Nxe6 Nxe6 13. a4 Rfd8 14. f4 Nf8 15.
f5 g5 16. h4 gxh4 17. gxh4 Qe7 18. Ng4 Nxg4 19. Qxg4 Kh7 20. Rf3 Nd7 21. Be3
Nf6 22. Qh3 h5 23. Bg5 Bh6 24. Rg3 Rg8 25. Bf3 d5 26. Kh1 dxe4 27. dxe4 Rad8
28. Qg2 Rg7 29. Rg1 Rdg8 30. Qd2 Qd6 31. Qc1 Ne8 32. Bxh5 f6 33. Bxe8 Bxg5 34.
Bg6+ 1-0

[Event "Frankfurt Ch A 2019"]
[Site "Ffm-Höchst, BiKuZ"]
[Date "2019.05.06"]
[Round "2.55"]
[White "Hedrich, Gerd"]
[Black "Balzereit, Georg"]
[Result "0-1"]
[WhiteElo "1317"]
[BlackElo "1687"]
[PlyCount "114"]
[EventDate "2019.??.??"]
[WhiteTeam "Wiesbadener SV"]
[BlackTeam "vereinslos"]

1. Nf3 c5 2. e4 d6 3. Bb5+ Nc6 4. O-O a6 5. Bxc6+ bxc6 6. b3 e5 7. Bb2 Nf6 8.
d3 Bg4 9. Nbd2 Be7 10. Re1 O-O 11. h3 Bh5 12. Re2 Nd7 13. g4 Bg6 14. Qf1 h5 15.
Qg2 hxg4 16. hxg4 Nf6 17. Nh2 Nh7 18. Nhf3 Nf6 19. Nc4 Rb8 20. c3 Qd7 21. Ne3
Qc7 22. Nf5 Bxf5 23. exf5 Nd5 24. Qh2 Nf4 25. Re3 Qd8 26. c4 a5 27. d4 cxd4 28.
Bxd4 exd4 29. Nxd4 Bg5 30. Nxc6 Qc7 31. Nxb8 Qxb8 32. Rae1 d5 33. cxd5 Nxd5 34.
Qxb8 Rxb8 35. Re5 Nf6 36. f3 Rd8 37. Rxa5 Bd2 38. Rae5 Bxe1 39. Rxe1 Rd2 40. a4
Rb2 41. Re3 Kf8 42. Kf1 Nd5 43. Rd3 Nb4 44. Rc3 Na2 45. Rc8+ Ke7 46. Rb8 Nc3
47. a5 Kf6 48. a6 Ra2 49. Rb6+ Kg5 50. b4 Kf4 51. Rc6 Nb5 52. f6 g6 53. Rc5
Kxf3 54. Ke1 Nd4 55. Rc4 Nc2+ 56. Rxc2 Rxc2 57. b5 Ra2 0-1

[Event "Frankfurt Ch B 2019"]
[Site "Ffm-Höchst, BiKuZ"]
[Date "2019.05.06"]
[Round "2.2"]
[White "Bauer, Alfred"]
[Black "Kiel, Gerhard"]
[Result "0-1"]
[WhiteElo "1298"]
[BlackElo "1459"]
[PlyCount "60"]
[EventDate "2019.??.??"]
[WhiteTeam "Freibauer Mörlenbach"]
[BlackTeam "Berkershm"]

1. e4 g6 2. d4 Bg7 3. Nf3 d6 4. h3 a6 5. Be3 c6 6. Nc3 Nd7 7. Qd2 b5 8. Rd1 h6
9. b3 Bb7 10. Bd3 Rc8 11. O-O c5 12. Rfe1 e5 13. d5 g5 14. Qe2 Qf6 15. Nb1 Rb8
16. Nbd2 Bc8 17. a4 Ne7 18. axb5 axb5 19. Bxb5 O-O 20. Ra1 Ng6 21. Ra7 Rd8 22.
Rea1 Nf4 23. Qf1 g4 24. hxg4 Qg6 25. Nh2 Nf6 26. f3 h5 27. g3 hxg4 28. Nxg4
Bxg4 29. fxg4 Nxg4 30. Bxf4 exf4 0-1

[Event "Frankfurt Ch B 2019"]
[Site "Ffm-Höchst, BiKuZ"]
[Date "2019.05.06"]
[Round "2.3"]
[White "Giebitz, Walter"]
[Black "Trumpp, Christopher"]
[Result "0-1"]
[WhiteElo "1297"]
[BlackElo "1438"]
[PlyCount "46"]
[EventDate "2019.??.??"]
[WhiteTeam "SC Steinbach"]
[BlackTeam "Berkershm"]

1. e4 c5 2. Nf3 Nc6 3. d4 cxd4 4. Nxd4 Nf6 5. Nxc6 bxc6 6. Nc3 e5 7. Bc4 Qb6 8.
b3 Bb4 9. Bd2 Bxc3 10. Bxc3 Nxe4 11. Qf3 Nxc3 12. Bxf7+ Ke7 13. Qh5 Rf8 14.
Qxe5+ Kxf7 15. Qxc3 Ba6 16. O-O-O d5 17. Rd4 Kg8 18. Re1 Rxf2 19. Re7 Rxg2 20.
Rf4 Rf8 21. Qf3 Rg1+ 22. Kb2 Qb8 23. Re5 Qxe5+ 0-1

[Event "Frankfurt Ch B 2019"]
[Site "Ffm-Höchst, BiKuZ"]
[Date "2019.05.06"]
[Round "2.4"]
[White "Goodwin, David"]
[Black "Nebel, Marcel"]
[Result "1/2-1/2"]
[WhiteElo "1434"]
[BlackElo "1309"]
[PlyCount "114"]
[EventDate "2019.??.??"]
[WhiteTeam "SV Kelsterbach"]
[BlackTeam "Berkershm"]

1. Nf3 d5 2. g3 c5 3. Bg2 Nc6 4. d3 e5 5. O-O Nf6 6. Nbd2 Be7 7. c4 d4 8. Ng5
Qc7 9. Nge4 O-O 10. Nxf6+ Bxf6 11. a3 Bg4 12. Ne4 Be7 13. f4 f5 14. Ng5 Bxg5
15. fxg5 Rae8 16. Qc2 Ne7 17. e3 Ng6 18. b4 b6 19. bxc5 bxc5 20. Rb1 Rb8 21.
Bd2 Rxb1 22. Rxb1 f4 23. Bd5+ Kh8 24. Rb7 Qc8 25. exf4 exf4 26. Rf7 fxg3 27.
hxg3 Rxf7 28. Bxf7 Qf5 29. Bd5 Be2 30. Qb1 Qe5 31. Qe1 Bxd3 32. Qf2 Bf5 33. Qf3
Be6 34. Kf2 Kg8 35. Bf4 Bxd5 36. cxd5 Nxf4 37. gxf4 Qd6 38. Qe4 g6 39. Ke2 Kf7
40. a4 Qe7 41. Qe5 c4 42. d6 Qe6 43. Kd2 c3+ 44. Kc1 d3 45. Qxc3 Qxd6 46. Qc4+
Ke7 47. Kd2 Qa3 48. Qc7+ Ke6 49. Qe5+ Kf7 50. a5 Qb3 51. Qc7+ Kg8 52. Qd8+ Kf7
53. Qxd3 Qb4+ 54. Ke3 Qxa5 55. Qd7+ Kg8 56. Qe8+ Kg7 57. Qe7+ Kg8 1/2-1/2

[Event "Frankfurt Ch B 2019"]
[Site "Ffm-Höchst, BiKuZ"]
[Date "2019.05.06"]
[Round "2.5"]
[White "Grünzig, Matthias"]
[Black "Bär, Christian"]
[Result "1/2-1/2"]
[WhiteElo "1298"]
[BlackElo "1423"]
[PlyCount "108"]
[EventDate "2019.??.??"]
[WhiteTeam "Berkershm"]
[BlackTeam "SC Steinbach"]

1. d4 d5 2. Bf4 e6 3. Nf3 Nf6 4. e3 Be7 5. c3 O-O 6. Bd3 Nbd7 7. Nbd2 c5 8. Qc2
c4 9. Be2 b5 10. a3 Bb7 11. h3 Ne4 12. O-O Qb6 13. Rfd1 a5 14. Bh2 Rfc8 15. Ne5
Nxe5 16. Bxe5 Bd6 17. Nf3 f6 18. Bh2 Bxh2+ 19. Nxh2 Ra7 20. Nf3 Bc6 21. Nd2
Rca8 22. Rdb1 Qd8 23. f3 Ng3 24. Nf1 Qd6 25. Nxg3 Qxg3 26. Bf1 Qd6 27. Qd2 Rc7
28. Re1 Rb8 29. f4 b4 30. axb4 axb4 31. Reb1 Rcb7 32. Qc1 e5 33. dxe5 fxe5 34.
g3 Be8 35. Qe1 Bg6 36. Rc1 exf4 37. exf4 Re7 38. Qf2 bxc3 39. bxc3 Reb7 40. Ra2
Rb1 41. Rxb1 Rxb1 42. Ra8+ Kf7 43. Ra7+ Kf8 44. Ra8+ Kf7 45. Qa7+ Qe7 46. Qf2
Be4 47. Ra7 Rb7 48. Rxb7 Qxb7 49. Qe2 Qb1 50. Qh5+ Bg6 51. Qxd5+ Ke7 52. Qe5+
Kf8 53. Qc5+ Ke8 54. Qe5+ Kf8 1/2-1/2

[Event "Frankfurt Ch B 2019"]
[Site "Ffm-Höchst, BiKuZ"]
[Date "2019.05.06"]
[Round "2.6"]
[White "Dröser, Wolfgang"]
[Black "Ketting, Douwe"]
[Result "1/2-1/2"]
[WhiteElo "1276"]
[BlackElo "1397"]
[PlyCount "31"]
[EventDate "2019.??.??"]
[WhiteTeam "SC Sulzbach"]
[BlackTeam "SC Somborn"]

1. b3 Nf6 2. Bb2 e6 3. e3 d5 4. f4 Bd6 5. Nf3 c5 6. Be2 Nc6 7. O-O O-O 8. Qe1
a6 9. a3 Qb6 10. Bxf6 gxf6 11. Qh4 Be7 12. Bd3 f5 13. Ng5 Bxg5 14. Qxg5+ Kh8
15. Qf6+ Kg8 16. Qg5+ 1/2-1/2

[Event "Frankfurt Ch B 2019"]
[Site "Ffm-Höchst, BiKuZ"]
[Date "2019.05.06"]
[Round "2.7"]
[White "Al-Butmeh, Firas"]
[Black "Tryfon, Konstantin"]
[Result "1-0"]
[WhiteElo "1362"]
[BlackElo "1239"]
[PlyCount "55"]
[EventDate "2019.??.??"]
[WhiteTeam "SV Lahn Limburg"]
[BlackTeam "SV Hofheim"]

1. e4 e5 2. Nf3 Nc6 3. d4 exd4 4. Bc4 Nf6 5. e5 d5 6. Bb5 Ne4 7. Nxd4 Bc5 8.
O-O O-O 9. Nxc6 bxc6 10. Bxc6 Qh4 11. Be3 Bg4 12. Qxd5 Bxe3 13. Qxe4 Bxf2+ 14.
Rxf2 Rad8 15. Nc3 g6 16. h3 f5 17. exf6 Rxf6 18. Rxf6 Qxf6 19. Bd5+ Kh8 20.
Qxg4 h5 21. Qe4 Qb6+ 22. Kh1 Qxb2 23. Qe5+ Kh7 24. Rf1 Rxd5 25. Rf7+ Kh6 26.
Qg7+ Kg5 27. Ne4+ Kh4 28. Rf4# 1-0

[Event "Frankfurt Ch B 2019"]
[Site "Ffm-Höchst, BiKuZ"]
[Date "2019.05.06"]
[Round "2.8"]
[White "Klinke, Roland"]
[Black "Manasek, Martin"]
[Result "1-0"]
[WhiteElo "1157"]
[BlackElo "1360"]
[PlyCount "85"]
[EventDate "2019.??.??"]
[WhiteTeam "TuS Dotzheim"]
[BlackTeam "SC Flörsheim"]

1. d4 d5 2. c4 e6 3. Nf3 Nf6 4. Bd2 c6 5. Nc3 Be7 6. e3 O-O 7. Bd3 c5 8. cxd5
exd5 9. dxc5 Bxc5 10. O-O Re8 11. Rc1 Nc6 12. a3 a6 13. b4 Ba7 14. Qc2 Bg4 15.
Be2 Rc8 16. h3 Bh5 17. Rfd1 Bg6 18. Bd3 Ne4 19. Qb1 b5 20. Be1 Nxc3 21. Bxc3 d4
22. Bxg6 hxg6 23. Nxd4 Nxd4 24. Bxd4 Bb8 25. Qb2 Rxc1 26. Rxc1 f6 27. Qb3+ Kh7
28. Qb1 Qd6 29. g3 Qd5 30. Qc2 Qh5 31. Qc6 Qxh3 32. Qxe8 Bxg3 33. fxg3 Qxg3+
34. Kf1 Qf3+ 35. Ke1 Qh1+ 36. Kd2 Qg2+ 37. Kd3 Kh6 38. Qe4 Qxe4+ 39. Kxe4 Kg5
40. Rg1+ Kh5 41. Kf4 g5+ 42. Kf5 g6+ 43. Kxf6 1-0

[Event "Frankfurt Ch B 2019"]
[Site "Ffm-Höchst, BiKuZ"]
[Date "2019.05.06"]
[Round "2.9"]
[White "Le, Tung Lam"]
[Black "Barth, Horst"]
[Result "1-0"]
[WhiteElo "1358"]
[BlackElo "1200"]
[PlyCount "91"]
[EventDate "2019.??.??"]
[WhiteTeam "Schach AG im FDG"]
[BlackTeam "SF Mainz"]

1. e4 c5 2. Nf3 d6 3. d4 cxd4 4. Nxd4 Nf6 5. Nc3 a6 6. Be2 e5 7. Nb3 Be7 8. Be3
Be6 9. Qd2 Nbd7 10. O-O Bg4 11. Rad1 Bxe2 12. Qxe2 O-O 13. f4 Qc7 14. Kh1 Nb6
15. Rf3 Ng4 16. Bxb6 Qxb6 17. Nd5 Qd8 18. Rg3 Nf6 19. fxe5 Nxd5 20. exd5 dxe5
21. Qxe5 Bf6 22. Qf5 Re8 23. Rh3 h6 24. Rhd3 Re5 25. Qf4 Qd6 26. Qg3 Rae8 27.
c4 Qe7 28. Rf1 Re1 29. Rdf3 Bh4 30. Qf4 f6 31. Qxh4 Rxf1+ 32. Rxf1 Qe2 33. Kg1
Qxb2 34. Re1 Re2 35. Rxe2 Qxe2 36. Qf2 Qd1+ 37. Qf1 Qc2 38. d6 Kf8 39. Qe1 Qd3
40. c5 Qf5 41. Qe7+ Kg8 42. Qe8+ Kh7 43. Qe1 Qd5 44. Qd2 Qf5 45. d7 Qb1+ 46.
Nc1 1-0

[Event "Frankfurt Ch B 2019"]
[Site "Ffm-Höchst, BiKuZ"]
[Date "2019.05.06"]
[Round "2.10"]
[White "Brunner, Andreas"]
[Black "Sturm, Holger"]
[Result "0-1"]
[WhiteElo "1338"]
[BlackElo "1133"]
[PlyCount "86"]
[EventDate "2019.??.??"]
[WhiteTeam "Berkershm"]
[BlackTeam "Schierstein"]

1. Nf3 Nf6 2. g3 g6 3. Bg2 Bg7 4. d3 O-O 5. O-O c6 6. Nbd2 d6 7. Rb1 a5 8. Re1
e5 9. c3 Bg4 10. h3 Bf5 11. Nh4 Be6 12. c4 Qd7 13. Ne4 h6 14. Nxf6+ Bxf6 15.
Nf3 Kg7 16. b3 Bxh3 17. Bh1 Na6 18. d4 Qf5 19. a3 Rad8 20. e4 Qc8 21. Bb2 Bg4
22. Qd2 b6 23. b4 Bxf3 24. Bxf3 Bg5 25. Qe2 Rfe8 26. Bg4 Qb7 27. bxa5 h5 28.
Bf3 c5 29. Ba1 Qd7 30. Rxb6 cxd4 31. Rxa6 Rh8 32. Rb1 h4 33. g4 h3 34. Rbb6 Qa4
35. Qd3 h2+ 36. Kh1 Rh3 37. Rb3 Rdh8 38. Rab6 Qxa5 39. Bc3 dxc3 40. Qxc3 Qc5
41. Qc2 Rg3 42. Bg2 Qd4 43. Rd3 Rxd3 0-1

[Event "Frankfurt Ch B 2019"]
[Site "Ffm-Höchst, BiKuZ"]
[Date "2019.05.06"]
[Round "2.12"]
[White "Brendel, Lutz"]
[Black "Grinberg, Igor"]
[Result "1/2-1/2"]
[WhiteElo "1407"]
[BlackElo "1187"]
[PlyCount "50"]
[EventDate "2019.??.??"]
[WhiteTeam "Schach AG im FDG"]
[BlackTeam "TuS Makkabi"]

1. g4 e5 2. Bg2 d5 3. c4 d4 4. d3 c5 5. Nd2 Nc6 6. h3 Nge7 7. Ne4 Ng6 8. Nf3
Be7 9. g5 f5 10. gxf6 Bxf6 11. Nxc5 Qa5+ 12. Bd2 Qxc5 13. a3 O-O 14. b4 Qb6 15.
c5 Qd8 16. Qb3+ Kh8 17. b5 Nce7 18. Rc1 Nf4 19. Bxf4 exf4 20. Nd2 Bd7 21. Bxb7
Rb8 22. Ba6 Bc6 23. Rg1 Nd5 24. Qc4 Bb7 25. Bxb7 Rxb7 1/2-1/2

[Event "Frankfurt Ch B 2019"]
[Site "Ffm-Höchst, BiKuZ"]
[Date "2019.05.06"]
[Round "2.14"]
[White "Wundram, Till"]
[Black "Schäfer, Dieter"]
[Result "0-1"]
[WhiteElo "1310"]
[BlackElo "1167"]
[PlyCount "38"]
[EventDate "2019.??.??"]
[WhiteTeam "vereinslos"]
[BlackTeam "SV Ffm-Griesheim"]

1. e4 b6 2. Nf3 Bb7 3. Bc4 e6 4. Nc3 Nf6 5. e5 Nd5 6. O-O d6 7. d4 Be7 8. Nxd5
exd5 9. Bd3 dxe5 10. Nxe5 O-O 11. Qh5 g6 12. Qg4 Bf6 13. Bh6 Bc8 14. Bf5 Bxf5
15. Qf4 Bg7 16. Bg5 f6 17. Bh4 Qd6 18. g4 Bc8 19. Rae1 fxe5 0-1

[Event "Frankfurt Ch B 2019"]
[Site "Ffm-Höchst, BiKuZ"]
[Date "2019.05.06"]
[Round "2.15"]
[White "Pessotschinski, Eduard"]
[Black "Özyar, Arin"]
[Result "0-1"]
[WhiteElo "1263"]
[BlackElo "1167"]
[PlyCount "84"]
[EventDate "2019.??.??"]
[WhiteTeam "TuS Makkabi"]
[BlackTeam "SC Bad Soden"]

1. e4 e5 2. Nf3 Nc6 3. d4 exd4 4. Nxd4 Bc5 5. Nxc6 Qf6 6. Qd2 Qxc6 7. Nc3 Bb4
8. Qd4 Bxc3+ 9. bxc3 Nf6 10. e5 Nd5 11. c4 Nb6 12. f3 O-O 13. Bb2 Re8 14. Be2
Qe6 15. O-O Na4 16. f4 Nxb2 17. Qxb2 d6 18. Bd3 dxe5 19. Rae1 f6 20. Rf3 Qb6+
21. Qxb6 axb6 22. Rfe3 Rxa2 23. fxe5 fxe5 24. Rxe5 Rxe5 25. Rxe5 Kf7 26. c5 Ra5
27. Bc4+ Kf6 28. Re8 Rxc5 29. Rf8+ Ke7 30. Rf7+ Ke8 31. Bb3 Rg5 32. Rxc7 Bh3
33. g3 Rf5 34. Bc4 Rc5 35. Bf7+ Kf8 36. Rxb7 Rxc2 37. Bb3 Rg2+ 38. Kh1 Rb2 39.
Rb8+ Ke7 40. Rb7+ Kd8 41. Kg1 Rxb3 42. Rxg7 Rf3 0-1

[Event "Frankfurt Ch B 2019"]
[Site "Ffm-Höchst, BiKuZ"]
[Date "2019.05.06"]
[Round "2.16"]
[White "Mook, Karl-Jürgen"]
[Black "Landvoigt, Martin"]
[Result "1/2-1/2"]
[WhiteElo "1261"]
[BlackElo "1232"]
[PlyCount "90"]
[EventDate "2019.??.??"]
[WhiteTeam "SC Sulzbach"]
[BlackTeam "SF Friedberg"]

1. e4 d5 2. exd5 Qxd5 3. Nc3 Qe6+ 4. Qe2 Nf6 5. Nf3 a6 6. Qxe6 Bxe6 7. Ng5 Bd5
8. Nxd5 Nxd5 9. a3 h6 10. Ne4 e6 11. Nc3 Nxc3 12. dxc3 Nc6 13. Be2 Bc5 14. O-O
O-O 15. b4 Bb6 16. Bb2 Ne5 17. c4 Ng6 18. c5 Ba7 19. g3 c6 20. Rfd1 Rad8 21.
Rd3 Bb8 22. Rad1 Bc7 23. Rxd8 Rxd8 24. Rxd8+ Bxd8 25. f4 Bc7 26. Kg2 Ne7 27.
Bd3 Nd5 28. Kf3 a5 29. c4 Ne7 30. Be4 f5 31. Bc2 b6 32. cxb6 Bxb6 33. b5 cxb5
34. cxb5 Nd5 35. Bb3 Kf7 36. Be5 g5 37. h3 Bc5 38. Bb2 Bb6 39. a4 gxf4 40. gxf4
Kg6 41. Be5 Kf7 42. Bd6 Nc3 43. Bc2 Nd5 44. Bb3 Nc3 45. Bc2 Nd5 1/2-1/2